|
|
|
|
| LEADER |
01058nam a2200337 4500 |
| 001 |
DLU030025307 |
| 005 |
##20010126083301.0 |
| 008 |
##000211s2000 quca b 000 0 fre |
| 010 |
# |
# |
|a 00421565
|
| 020 |
# |
# |
|a 2760510387
|
| 035 |
# |
# |
|a (OCoLC)ocm43507782
|
| 040 |
# |
# |
|a CaQMBN
|b eng
|c NLC
|d DLC
|
| 050 |
# |
# |
|a G155.A1
|b S24 2000
|
| 082 |
# |
# |
|a 338.479 1
|b SA-V
|
| 100 |
# |
# |
|a Sabourin, Vincent.
|
| 245 |
# |
# |
|a L'industrie touristique :
|b stratégie concurrentielle des entreprises /
|c Vincent Sabourin.
|
| 260 |
# |
# |
|a Sainte-Foy, Québec :
|b Presses de l'Université du Québec,
|c 2000.
|
| 300 |
# |
# |
|a xviii, 142 p. :
|b ill. ;
|c 23 cm.
|
| 504 |
# |
# |
|a Includes bibliographical references (p. [131]-142).
|
| 650 |
# |
# |
|a Strategic planning.
|
| 650 |
# |
# |
|a Tourism
|x Management.
|
| 650 |
# |
# |
|a Tourism
|x Marketing.
|
| 830 |
# |
# |
|a Tourisme (Presses de l'Université du Québec)
|
| 994 |
# |
# |
|a DLU
|
| 900 |
# |
# |
|a True
|
| 911 |
# |
# |
|a Lê Thị Mạnh Xuân
|
| 925 |
# |
# |
|a G
|
| 926 |
# |
# |
|a A
|
| 927 |
# |
# |
|a SH
|
| 980 |
# |
# |
|a Thư viện Trường Đại học Đà Lạt
|